| 000 | 00728nam a22002417a 4500 | ||
|---|---|---|---|
| 003 | OSt | ||
| 005 | 20140331094954.0 | ||
| 008 | 140331b xxu||||| |||| 00| 0 eng d | ||
| 020 | _a0590999435 | ||
| 050 |
_aLB 1049.9 _b.B262s68 1997 |
||
| 100 | _aBernier-Grand, Carmen T. | ||
| 245 |
_aWho helped Ox? : _ba folk tale about cooperation / _c Carmen T Bernier-Grand; Vivà Escrivá |
||
| 260 |
_aNew York : _bScholastic, _cc1997. |
||
| 300 |
_a16 p. : _bcol. ill. ; _c14 cm. |
||
| 440 |
_aScholastic Phoenic Readers _n#68 |
||
| 521 | _aG1 | ||
| 526 | _c200 | ||
| 650 | _aReaders (Primary) Reading | ||
| 650 | _a Phonetic method. | ||
| 650 |
_aCooperativeness _vJuvenile literature. |
||
| 942 |
_2lcc _cBK |
||
| 999 |
_c48787 _d48787 |
||